| 000 | 00553nam a2200169 i 4500 | ||
|---|---|---|---|
| 001 | 82976 | ||
| 003 | ES-MaACL | ||
| 005 | 20230906174747.0 | ||
| 007 | t| | ||
| 008 | 041112s1968 sp ||||1| spa d | ||
| 245 | 0 | 0 |
_aEstadística de Sociedades Mercantiles _b: años 1965-66 / _cInstituto Nacional de Estadística. |
| 260 |
_aMadrid : _b[s.n., _c1968] |
||
| 300 |
_a251 p. ; _c27 cm. |
||
| 650 | 4 |
_aSociedades- _zEspaña- _vEstadísticas. _9161529 |
|
| 710 | 2 |
_aInstituto Nacional de Estadística (España) _95162 |
|
| 852 |
_aES-MaACL _jC-36409 _bR.68011 |
||
| 999 |
_c82976 _d82976 |
||